000 01003nab a2200193 i 4500
001 768714001
003 CO-MdFUSB
005 20240506121500.0
008 240503t1966 sp ||||| |||| 00| 00spa d
040 _bspa
_cCO-MdFUSB
_dCO-MdFUSB
041 _aspa
100 _aGonzález-Ruiz, José María,
_eautor
245 4 _aUna espiritualidad para un tiempo de incertidumbre
_c/ José María González-Ruiz
520 _aEn resumen destaca que la espiritualidad cristiana se caracteriza por la incertidumbre, como sin duda es el caso de nuestras propias prácticas espirituales. Además, subraya esta inevitable tensión dialéctica entre trascendencia y encarnación, que caracteriza la auténtica espiritualidad cristiana.
650 0 _aVida espiritual
_951
773 0 _049450
_982577
_oR2509
_tRevista internacional de teología Concilium
_w(CO-MdFUSB)8
_x0210-1041
_gNúmero 19, (noviembre, 1965), páginas: 239 - 253
_qpágina: 239
942 _cANA
945 _aCatherine Arias Álvarez practicante SENA
999 _c69511
_d69511